00560nam a2200169Ia 4500008004000000082001200040100002000052245003300072250000500105260004200110300001100152650006200163690001500225906001100240999001700251952012200268210210b1923 xxu||||| |||| 00| 0 eng d a110/144 aWINDELBAND (W). aHistory of philosophy. Ed.2. a aNew YorkbMacmillan & Co. Ltd.c1923 axv,726 aPhilosophy of Greek Roman Middle Ages Renaissance German aPhilosophy a000937 c77452d77452 001040708PhilosophyaALbALcPhilosophyd2021-02-17g0.00l0o110/144p000937r2021-02-17 00:00:00w2021-02-17yBK